000 01150nam a22003137a 4500
005 20110524153219.0
008 110524t xxu||||| |||| 00| 0 eng d
010 _aENG-102515
020 _a9788184503142
_c780.00
035 _aEN-86048
037 _bDBAD / PUB
040 _adpl
_bEnglish
082 _a332.04240954
100 _927410
110 _927425
245 _aCapital account convertibility in India /
_cedited by Biswajit Chatterjee [and] Asim K. Karmakar
260 _aNew Delhi
_bDeep & Deep Publications
_c2011
270 _aF-159, Rajouri Garden
_bNew Delhi
_e110027
_k25435369,25440916
300 _axv, 207 p.
_c22cm (Hb)
500 _aIncludes index
650 _927411
650 _927412
650 _927426
700 _927415
_aChatterjee, Biswajit
700 _aKarmakar, Asim K.
_928232
942 _adpl
_cEN
_2ddc
_mCAP
_h332.04240954
999 _c52576
_d52576